000 00357 a2200157 4500
001 68437
020 _a9781108742979
040 _cAnchieta - Pituba
100 _aBaxter, Fiona
240 1 0 _aCambridge primary science
_leng
245 1 0 _aCambridge primary science
300 _a178
362 0 _a2020
650 4 _aInglês e inglês antigo
942 _cBK
999 _c68437
_d68437